Report of the Eleventh Session of the Commission and of the Eighth Session of the Committee for the Development and Management of Fisheries in the Lesser Antilles = Rapport de la Onzième Session de la Commission et de la Huitième Session du Comité du Dévelopment et de l'Aménagement des Pêches dans les Petites Antilles = Informe de la Undécima Reunión de la Comisión y de la Octava Reunión del Comité para el Desarrollo y la Ordenación de la Pesca en las Antillas Menores
Gardado en:
| Autor Corporativo: | |
|---|---|
| Formato: | Libro |
| Idioma: | Undetermined |
| Publicado: |
Rome
Food and Agriculture Organization of the United Nations
2004
|
| Những chủ đề: | |
| Các nhãn: |
Engadir etiqueta
Sen Etiquetas, Sexa o primeiro en etiquetar este rexistro!
|
| Thư viện lưu trữ: | Trung tâm Học liệu Trường Đại học Cần Thơ |
|---|
| LEADER | 01053nam a2200193Ia 4500 | ||
|---|---|---|---|
| 001 | CTU_69352 | ||
| 008 | 210402s9999 xx 000 0 und d | ||
| 082 | |a 639 | ||
| 082 | |b W526 | ||
| 110 | |a Western Central Atlantic Fishery Commission | ||
| 245 | 0 | |a Report of the Eleventh Session of the Commission and of the Eighth Session of the Committee for the Development and Management of Fisheries in the Lesser Antilles = | |
| 245 | 0 | |b Rapport de la Onzième Session de la Commission et de la Huitième Session du Comité du Dévelopment et de l'Aménagement des Pêches dans les Petites Antilles = Informe de la Undécima Reunión de la Comisión y de la Octava Reunión del Comité para el Desarrollo y la Ordenación de la Pesca en las Antillas Menores | |
| 245 | 0 | |c Western Central Atlantic Fishery Commission | |
| 260 | |a Rome | ||
| 260 | |b Food and Agriculture Organization of the United Nations | ||
| 260 | |c 2004 | ||
| 650 | |a Fishery | ||
| 904 | |i Trúc Phương, Năm | ||
| 980 | |a Trung tâm Học liệu Trường Đại học Cần Thơ | ||